[Event "CZE-ch Open 2018"]
[Site "Ostrava"]
[Date "2018.05.04"]
[Round "7"]
[White "Havelka, Ondrej"]
[Black "Freisler, Pavel"]
[Result "1-0"]
[WhiteElo "2041"]
[BlackElo "2266"]
[Annotator "NA"]
[PlyCount "77"]
[EventDate "2018.??.??"]
[EventCountry "CZE"]
[SourceTitle "playchess.com"]
[Source "ChessBase"]
[SourceQuality "1"]
[TimeControl "40/5400+30:900+30"]

1. d4 {[%emt 0:00:24]} Nf6 {[%emt 0:00:33]} 2. c4 {[%emt 0:00:09]} e6 {[%emt 0:00:27]} 3. Nc3 {[%emt 0:00:08]} Bb4 {[%emt 0:00:17]} 4. e3 {[%emt 0:01:00]} O-O {[%emt 0:00:48]} 5. Nge2 {[%emt 0:00:25]} d5 {[%emt 0:01:28]} 6. a3 {[%emt 0:00:05]} Bd6 {[%emt 0:00:32]} 7. Ng3 {[%emt 0:03:28]} c6 {[%emt 0:00:31] E46: Nimzo-Indian: Rubinstein: 4 e3 0-0 5 Ne2 without early Bd3} 8. c5 {[%emt 0:02:25]} Bc7 {[%emt 0:05:51]} 9. f4 {[%emt 0:01:04]} b6 {[%emt 0:00:10]} 10. b4 {[%emt 0:01:18]} a5 {[%emt 0:03:32]} 11. Bd2 {[%emt 0:01:08]} Ba6 {[%emt 0:01:27]} 12. Bxa6 {[%emt 0:01:55]} Nxa6 $146 {[%emt 0:00:43]} ({Predecessor:} 12... Rxa6 13. O-O axb4 14. axb4 Rxa1 15. Qxa1 bxc5 16. bxc5 {½-½ (22) Golod,V (2579)-Gyimesi,Z (2646) Germany 2011}) 13. Na4 {[%emt 0:03:11]} Nd7 {[%emt 0:18:18]} 14. O-O {[%emt 0:00:58]} Qe7 {[%emt 0:12:54]} 15. Qc2 {[%emt 0:04:38]} b5 {[%emt 0:05:11]} 16. Nb2 {[%emt 0:01:13]} f6 {[%emt 0:00:13]} 17. e4 {[%emt 0:02:28]} Rae8 {[%emt 0:09:21]} 18. Rae1 {[%emt 0:07:13]} Qd8 {[%emt 0:02:36]} 19. f5 {[%emt 0:05:26]} (19. e5 $16) 19... Bxg3 {[%emt 0:08:53]} 20. hxg3 {[%emt 0:02:06]} axb4 {[%emt 0:04:43]} 21. axb4 {[%emt 0:00:33]} (21. exd5 $1 $14 exd5 22. axb4) 21... Nc7 {[%emt 0:00:06]} 22. fxe6 {[%emt 0:13:05]} Rxe6 {[%emt 0:04:08]} 23. exd5 {[%emt 0:02:36]} Rxe1 {[%emt 0:01:47]} 24. Rxe1 {[%emt 0:00:02]} Nxd5 {[%emt 0:00:11]} 25. Qf5 {[%emt 0:00:49]} Re8 {[%emt 0:01:26]} 26. Re6 $17 {[%emt 0:00:40]} (26. Rxe8+ $15 Qxe8 27. Qf3) 26... g6 {[%emt 0:08:14]} 27. Qe4 {[%emt 0:18:08]} Kf7 {[%emt 0:00:14]} 28. Rxe8 {[%emt 0:00:02]} Qxe8 {[%emt 0:00:05]} 29. Qf3 {[%emt 0:00:16]} Qe6 {[%emt 0:01:02]} 30. Nd3 {[%emt 0:00:35]} g5 {[%emt 0:01:44]} 31. Bxg5 {[%emt 0:02:49]} Kg7 {[%emt 0:00:29]} 32. Bd2 {[%emt 0:10:10]} Nf8 {[%emt 0:00:02]} 33. Nf4 {[%emt 0:00:45]} Nxf4 {[%emt 0:00:07]} 34. Bxf4 {[%emt 0:00:14]} Ng6 {[%emt 0:00:26]} 35. Bd6 {[%emt 0:00:32]} Qe1+ {[%emt 0:01:46]} 36. Kh2 {[%emt 0:00:08]} Qxb4 {[%emt 0:00:05]} 37. Qxc6 {[%emt 0:00:20]} Qxd4 {[%emt 0:00:03]} 38. Qd7+ {[%emt 0:00:35]} Kh6 {[%emt 0:00:23]} 39. Bf8+ {[%emt 0:00:38]} 1-0

[Event "CZE-ch Open 2018"]
[Site "Ostrava"]
[Date "2018.05.04"]
[Round "7"]
[White "Benes, Miroslav"]
[Black "Bartos, Jan"]
[Result "1-0"]
[WhiteElo "2004"]
[BlackElo "2198"]
[Annotator "NA"]
[PlyCount "101"]
[EventDate "2018.??.??"]
[EventCountry "CZE"]
[SourceTitle "playchess.com"]
[Source "ChessBase"]
[SourceQuality "1"]
[TimeControl "40/5400+30:900+30"]

1. e4 {[%emt 0:00:57]} e5 {[%emt 0:00:15]} 2. Nf3 {[%emt 0:00:20]} Nf6 {[%emt 0:00:08]} 3. Nxe5 {[%emt 0:00:11]} d6 {[%emt 0:00:05]} 4. Nf3 {[%emt 0:00:04]} Nxe4 {[%emt 0:00:05]} 5. Nc3 {[%emt 0:00:05]} Nxc3 {[%emt 0:00:06]} 6. dxc3 {[%emt 0:00:05]} Be7 {[%emt 0:00:06]} 7. Be3 {[%emt 0:00:05]} Nc6 {[%emt 0:00:12]} 8. Qd2 {[%emt 0:00:06]} Be6 {[%emt 0:00:11]} 9. Be2 {[%emt 0:00:19] C42: Petroff Defence: 3 Nxe5 and unusual White 3rd moves} (9. O-O-O a6 10. b3 h6 11. Be2 Qd7 12. Kb1 Bf6 13. Nd4 Nxd4 14. Bxd4 Bxd4 15. Qxd4 O-O 16. c4 Rfe8 17. Bf3 Rab8 {1-0 (41) Anand,V (2776)-Mamedyarov,S (2809) Moscow 2018}) 9... Qd7 {[%emt 0:00:19]} 10. Nd4 {[%emt 0:02:02]} Nxd4 {[%emt 0:10:29]} 11. Bxd4 {[%emt 0:02:42]} O-O {[%emt 0:00:19]} 12. O-O $146 {[%emt 0:00:48]} ({Predecessor:} 12. c4 c5 13. Bc3 d5 14. cxd5 Qxd5 15. Bf3 Qxd2+ 16. Bxd2 Rad8 {½-½ (34) Cherenkova,K (2270)-Turova,I (2379) St Petersburg 2009}) 12... Rfe8 {[%emt 0:00:57]} 13. c4 {[%emt 0:02:44]} c5 {[%emt 0:09:09]} 14. Bc3 {[%emt 0:01:30]} d5 {[%emt 0:03:00]} 15. cxd5 {[%emt 0:00:04]} Qxd5 {[%emt 0:00:36]} 16. Qxd5 {[%emt 0:02:15]} Bxd5 {[%emt 0:00:02]} 17. Rad1 {[%emt 0:03:18]} Be4 {[%emt 0:03:32]} 18. Bb5 {[%emt 0:03:36]} Bc6 {[%emt 0:06:34]} 19. Bxc6 {[%emt 0:02:26]} bxc6 {[%emt 0:00:05]} 20. Rd7 {[%emt 0:01:27]} Bf6 {[%emt 0:00:25]} 21. Bxf6 {[%emt 0:01:59]} gxf6 {[%emt 0:00:02]} 22. Rfd1 {[%emt 0:01:03]} Re2 {[%emt 0:01:47]} 23. R7d2 {[%emt 0:00:18]} Rae8 {[%emt 0:01:19]} 24. Kf1 {[%emt 0:00:13]} R2e6 {[%emt 0:00:42]} 25. Rd8 {[%emt 0:00:25]} Kf8 {[%emt 0:05:12]} 26. Rxe8+ {[%emt 0:00:19]} Kxe8 {[%emt 0:00:13]} 27. Rd3 {[%emt 0:02:53]} Re7 {[%emt 0:17:35]} 28. Rh3 {[%emt 0:01:49]} Rb7 {[%emt 0:03:20]} 29. b3 {[%emt 0:00:08]} Rb6 {[%emt 0:06:48]} 30. Rxh7 {[%emt 0:04:46]} Ra6 {[%emt 0:02:17]} 31. a4 {[%emt 0:00:17]} c4 {[%emt 0:00:41]} 32. Rh8+ {[%emt 0:05:26]} Ke7 {[%emt 0:01:47]} 33. Rb8 {[%emt 0:00:15]} cxb3 {[%emt 0:01:30]} 34. cxb3 {[%emt 0:00:10]} c5 {[%emt 0:00:12]} 35. Rc8 {[%emt 0:07:47]} Kd6 {[%emt 0:00:54]} 36. h4 {[%emt 0:02:28]} Rb6 $18 {[%emt 0:00:51]} 37. h5 {[%emt 0:03:34]} Rxb3 {[%emt 0:00:07]} 38. g3 {[%emt 0:00:06]} Rb1+ {[%emt 0:12:24]} 39. Kg2 {[%emt 0:00:11]} Kd7 {[%emt 0:00:31]} 40. Rxc5 {[%emt 0:02:21]} Rb8 {[%emt 0:17:30]} 41. Ra5 {[%emt 0:25:00]} Ra8 {[%emt 0:00:22]} 42. Kf3 {[%emt 0:00:34]} Ke6 {[%emt 0:01:10]} 43. Ke4 {[%emt 0:01:49]} a6 {[%emt 0:05:20]} 44. g4 {[%emt 0:01:10]} Ke7 {[%emt 0:00:36]} 45. h6 {[%emt 0:00:53]} Rh8 {[%emt 0:00:20]} 46. Rh5 {[%emt 0:00:04]} Ke6 {[%emt 0:02:29]} 47. h7 {[%emt 0:01:10]} a5 {[%emt 0:00:06]} 48. f4 {[%emt 0:00:47]} f5+ {[%emt 0:00:26]} 49. gxf5+ {[%emt 0:00:44]} Kf6 {[%emt 0:00:05]} 50. Kd5 {[%emt 0:00:35]} Kg7 {[%emt 0:00:29]} 51. Kc6 {[%emt 0:05:01]} 1-0

[Event "CZE-ch Open 2018"]
[Site "Ostrava"]
[Date "2018.05.05"]
[Round "8"]
[White "Plat, Vojtech"]
[Black "Stocek, Jiri"]
[Result "1/2-1/2"]
[WhiteElo "2566"]
[BlackElo "2568"]
[Annotator "TA"]
[PlyCount "21"]
[EventDate "2018.??.??"]
[EventCountry "CZE"]
[SourceTitle "playchess.com"]
[Source "ChessBase"]
[SourceQuality "1"]

{[%evp 11,21,0,3,-14,2,-24,-8,-9,-9,-15,-6,-14]} 1. e4 c5 2. Nf3 e6 3. d4 cxd4 4. Nxd4 a6 5. Nc3 b5 6. Be3 Bb7 {LiveBook: 97 Games} 7. Nb3 {B43: Sicilian: Kan Variation: 5 Nc3} (7. Bd3 d6 8. a3 Nd7 9. Qd2 Ngf6 10. f3 Rc8 11. O-O Be7 12. Kh1 O-O 13. Rad1 Ne5 14. Qe1 Nfd7 {0-1 (48) Frolov,A (2455)-Schlosser,P (2509) Pardubice 2016}) 7... Qc7 8. Qd4 $146 ({Predecessor:} 8. Be2 b4 9. Na4 Bxe4 10. Rc1 Bxg2 11. Bf3 Bxh1 12. Bxh1 Nc6 13. Qh5 Nf6 14. Qh3 Qe5 {0-1 (38) Newrkla,A (2082)-Klein,G (1994) Vienna 2006}) 8... Nf6 9. f3 {The position is equal.} d5 10. exd5 Nxd5 11. Nxd5 1/2-1/2

[Event "CZE-ch Open 2018"]
[Site "Ostrava"]
[Date "2018.05.05"]
[Round "8"]
[White "Cvek, Robert"]
[Black "Mikes, Jan"]
[Result "1-0"]
[WhiteElo "2505"]
[BlackElo "2321"]
[Annotator "TA"]
[PlyCount "38"]
[EventDate "2018.??.??"]
[EventCountry "CZE"]
[SourceTitle "playchess.com"]
[Source "ChessBase"]
[SourceQuality "1"]

{[%evp 20,38,34,41,67,61,79,95,81,60,54,59,60,62,68,57,66,55,60,70,90]} 1. Nf3 Nf6 2. g3 g6 3. b3 Bg7 4. Bb2 O-O 5. Bg2 d6 6. d4 Nbd7 7. O-O c5 8. c4 Rb8 9. Nc3 a6 10. a4 b6 {E65: King's Indian: Fianchetto: 6...c5 7 0-0 without d5 by White} 11. Qc2 {LiveBook: 8 Games} Qc7 12. d5 e6 $146 ({Predecessor:} 12... Ng4 13. h3 Nge5 14. Ne1 Nf6 15. f4 Ned7 16. Rd1 Re8 17. Nf3 e6 18. dxe6 Rxe6 {0-1 (49) Hernandez Munoz,A (2154)-Granero Roca,A (2410) Seville 2016}) 13. dxe6 fxe6 14. Ng5 Ne5 {[%cal Bd7e5,Be5c6,Bc6b4][%mdl 32] White is slightly better.} 15. Rad1 Nc6 16. e3 {[%cal Be2e3,Be3e4][%mdl 32]} Nb4 17. Qd2 Rd8 18. f4 Qe7 19. e4 h6 1-0

[Event "CZE-ch Open 2018"]
[Site "Ostrava"]
[Date "2018.05.05"]
[Round "8"]
[White "Malinovsky, Karel"]
[Black "Nedela, Vlastimil"]
[Result "1-0"]
[WhiteElo "2481"]
[BlackElo "2307"]
[Annotator "TA"]
[PlyCount "79"]
[EventDate "2018.??.??"]
[EventCountry "CZE"]
[SourceTitle "playchess.com"]
[Source "ChessBase"]
[SourceQuality "1"]

{[%evp 22,79,79,84,116,106,206,202,208,209,310,227,404,398,375,231,245,242,230,236,244,235,241,227,283,215,243,218,264,242,243,244,237,232,284,275,272,248,327,329,358,337,334,303,418,401,412,440,434,423,423,416,541,529,843,495,555,456,1070,1071]} 1. e4 Nf6 2. e5 Nd5 3. d4 d6 4. Nf3 Bg4 5. Be2 c6 6. Ng5 Bxe2 7. Qxe2 dxe5 8. dxe5 e6 9. O-O Nd7 10. c4 Ne7 11. Nc3 Nf5 {B05: Alekhine's Defence: 4 Nf3 Bg4} 12. Rd1 {LiveBook: 6 Games} h5 (12... Be7 13. Nce4 c5 14. Nf3 Qb6 15. Bg5 Bxg5 16. Nexg5 Rd8 17. Rd3 Nb8 18. Rad1 Rxd3 19. Qxd3 {½-½ (70) Efimov,I (2460)-Zelcic,R (2500) Geneve 1995}) 13. Bf4 $146 ({Predecessor:} 13. Nce4 Be7 14. Bf4 c5 15. Rd3 Nh4 16. Qd1 Qc7 17. Nd6+ Bxd6 18. exd6 Qc6 {0-1 (39) Hug,M (2235)-Horn,P (2305) Switzerland 1993}) 13... Bb4 (13... Be7 $16) 14. Nce4 $1 $18 Qe7 15. a3 Bc5 (15... Ba5 $142 16. c5 Bc7) 16. Nf3 O-O-O $2 (16... Bb6 17. Bg5 f6) 17. Bg5 f6 18. exf6 gxf6 {[#]} 19. Rxd7 $1 {[%mdl 512]} Qxd7 (19... Kxd7 20. Bxf6) 20. Nxc5 Qe7 21. Be3 $1 (21. Qxe6+ Qxe6 22. Nxe6 Rd6 $11) ({Worse is} 21. Nxe6 Rhe8 $11) 21... Rhg8 22. Ne4 Qg7 {[%csl Gg8][%cal Rg7g2]} 23. Ne1 Kb8 24. Nc5 ({Weaker is} 24. Qxh5 Nxe3 25. fxe3 f5 $11) 24... Rge8 25. Nxe6 ({Don't take} 25. Qxh5 Nxe3 26. fxe3 b6 $18) 25... Rxe6 26. Bf4+ Re5 27. Nf3 Ka8 28. Nxe5 fxe5 29. Qxe5 $40 {[%mdl 128] White wants a kill.} Qf7 30. Re1 a6 31. Qc7 Qg8 32. h3 Nd4 33. Kh2 Rc8 34. Qd7 {Threatens to win with Re7.} Rd8 {[#]} 35. Qe7 $1 Nf5 36. Qe6 Qh7 37. Qf6 {White is clearly winning.} Qd7 38. Re5 Nd4 39. Re7 Qc8 (39... Qf5 $142 40. Qe5 Qxe5 41. Rxe5 Rh8) 40. Rc7 {Precision: White = 97%, Black = 33%.} 1-0

[Event "CZE-ch Open 2018"]
[Site "Ostrava"]
[Date "2018.05.05"]
[Round "8"]
[White "Haba, Petr"]
[Black "Krejci, Jan"]
[Result "1/2-1/2"]
[WhiteElo "2454"]
[BlackElo "2582"]
[Annotator "TA"]
[PlyCount "76"]
[EventDate "2018.??.??"]
[EventCountry "CZE"]
[SourceTitle "playchess.com"]
[Source "ChessBase"]
[SourceQuality "1"]

{[%evp 29,76,20,22,-4,17,9,26,29,15,28,8,21,43,30,28,24,124,19,18,-25,0,0,6,7,8,0,8,14,19,0,0,0,0,0,0,0,0,0,0,0,0,0,0,0,0,0,0,0,0]} 1. e4 e5 2. Nf3 Nc6 3. Bb5 a6 4. Ba4 Nf6 5. O-O Be7 6. Re1 b5 7. Bb3 d6 8. c3 {[%cal Bc2c3,Bc3d4,Bd4d5][%mdl 32]} O-O 9. h3 Bb7 10. d4 Nd7 11. Nbd2 exd4 {C92: Closed Ruy Lopez: 9...Be6, Karpov and Flohr-Zaitsev Variations} 12. cxd4 Bf6 13. Nf1 Na5 14. Bc2 Re8 15. Ng3 (15. Ne3 Bxe4 16. Bd2 Bxc2 17. Qxc2 Nc4 18. Nxc4 Rxe1+ 19. Rxe1 bxc4 20. Qxc4 {½-½ (60) Shankland,S (2671)-Bu,X (2725) Liaocheng 2018}) 15... g6 $1 {LiveBook: 68 Games} 16. Nh2 {[%cal Bf3h2,Bh2g4,Bg4e3][%mdl 32]} c5 17. d5 $1 Nc4 18. Rb1 $1 Bg7 19. b3 Ncb6 $146 20. Ng4 Ne5 21. Ne3 a5 22. Bb2 Bh6 (22... Bf6 $11) 23. a4 (23. Ngf5 $16 Bg5 24. Ng3) 23... b4 $11 24. Ngf1 Ba6 25. Bxe5 {The position is equal.} Bxe3 26. Nxe3 Rxe5 27. Bd3 Bxd3 28. Qxd3 h5 29. f4 Re8 30. Nc4 Nxc4 31. Qxc4 Qf6 32. e5 $1 {[%cal Re5f6]} dxe5 33. fxe5 Rxe5 34. Rxe5 Qxe5 35. Qxc5 {KQR-KQR} Re8 36. Kh1 Qf5 37. Rc1 Kh7 38. Qb5 Re3 {Precision: White = 66%, Black = 69%.} 1/2-1/2

[Event "CZE-ch Open 2018"]
[Site "Ostrava"]
[Date "2018.05.05"]
[Round "8"]
[White "Biolek, Richard"]
[Black "Kislinsky, Alexey"]
[Result "1/2-1/2"]
[WhiteElo "2447"]
[BlackElo "2509"]
[Annotator "TA"]
[PlyCount "48"]
[EventDate "2018.??.??"]
[EventCountry "CZE"]
[SourceTitle "playchess.com"]
[Source "ChessBase"]
[SourceQuality "1"]

{[%evp 21,48,7,18,0,0,0,0,0,0,0,0,0,0,0,0,0,30,28,41,0,2,0,0,0,24,11,10,17,12]} 1. e4 e6 2. d3 d5 3. Nd2 Nf6 4. Ngf3 c5 5. g3 g6 6. Bg2 Bg7 7. O-O O-O 8. Re1 Nc6 9. c3 a5 10. a4 {A08: King's Indian Attack} b6 11. exd5 (11. Nb1 Ba6 12. e5 Nd7 13. Bf4 f6 14. exf6 Qxf6 15. Qd2 e5 16. Bg5 Qxf3 17. Bxf3 Rxf3 {1-0 (34) Amin,B (2661)-Grandelius,N (2641) Baku 2016}) 11... exd5 {LiveBook: 19 Games} 12. d4 cxd4 13. Nxd4 Nxd4 14. cxd4 Bg4 $146 ({Predecessor:} 14... Be6 15. Nb1 Ne4 16. f3 Nd6 17. Bf4 Nf5 {0-1 (46) Vasova,M (1910)-Videnova,I (2301) Vratsa 2013}) 15. Nf3 Ne4 16. h3 Bxf3 17. Bxf3 Re8 18. Bf4 g5 19. Be3 f5 20. Bxe4 Rxe4 21. f3 Re8 22. Bf2 Qd6 23. Qd3 f4 24. g4 Qd7 {Precision: White = 48%, Black = 74%.} 1/2-1/2

[Event "CZE-ch Open 2018"]
[Site "Ostrava"]
[Date "2018.05.05"]
[Round "8"]
[White "Velicka, Petr"]
[Black "Neuman, Petr"]
[Result "1/2-1/2"]
[WhiteElo "2412"]
[BlackElo "2443"]
[Annotator "TA"]
[PlyCount "21"]
[EventDate "2018.??.??"]
[EventCountry "CZE"]
[SourceTitle "playchess.com"]
[Source "ChessBase"]
[SourceQuality "1"]

{[%evp 9,21,36,39,0,34,26,48,0,0,0,28,0,0,0]} 1. e4 d6 2. d4 Nf6 3. Nc3 c6 4. h3 e5 5. Nf3 Nbd7 {LiveBook: 58 Games} 6. g3 {C41: Philidor Defence} (6. g4 Qa5 7. Bd2 h6 8. Qe2 b5 9. Nd5 Qd8 10. Nxf6+ Qxf6 11. g5 hxg5 12. Bxg5 Qe6 13. a4 f6 {½-½ (66) Krasenkow,M (2610)-Jakubiec,A (2515) Poland 2016}) 6... b6 $146 ({Predecessor:} 6... b5 7. a3 a6 8. Bg2 Be7 9. O-O O-O 10. Be3 Re8 11. d5 Bb7 12. Nd2 cxd5 13. Nxd5 Nxd5 14. exd5 {½-½ (55) Chumfwa,K (2240)-Draskovic,L (2448) Baku 2016}) 7. Bg2 Ba6 8. Bf1 Bb7 9. Bg2 Ba6 10. Bf1 Bb7 11. Bg2 1/2-1/2

[Event "CZE-ch Open 2018"]
[Site "Ostrava"]
[Date "2018.05.05"]
[Round "8"]
[White "Bures, Jaroslav"]
[Black "Jansa, Vlastimil"]
[Result "1/2-1/2"]
[WhiteElo "2407"]
[BlackElo "2450"]
[Annotator "TA"]
[PlyCount "80"]
[EventDate "2018.??.??"]
[EventCountry "CZE"]
[SourceTitle "playchess.com"]
[Source "ChessBase"]
[SourceQuality "1"]

{[%evp 9,80,45,58,60,78,62,124,125,123,126,147,147,150,138,141,143,175,165,203,141,170,161,201,164,160,156,163,156,148,144,201,199,211,179,178,162,169,155,167,166,174,168,176,163,158,137,243,111,116,87,104,90,139,0,200,145,200,188,191,129,124,116,148,115,122,31,20,0,125,0,25,0,121]} 1. d4 Nf6 2. Bf4 g6 3. Nc3 d5 {[%cal Bd7d5,Bd5d4][%mdl 32]} 4. Qd2 (4. e3 Bg7 5. h4 h5 6. Nf3 Bg4 7. Be2 Bxf3 8. Bxf3 c6 9. Qd2 Nbd7 10. O-O-O b5 11. Kb1 {½-½ (34) Aronian,L (2797)-Vachier Lagrave,M (2793) Caleta 2018}) 4... c5 5. dxc5 Nc6 6. O-O-O {A45: Trompowsky Attack} d4 $146 {Threatens to win with ...Qa5.} ({Predecessor:} 6... e6 7. e4 Bxc5 8. exd5 exd5 9. Bh6 Be6 10. Bb5 Ng4 {1-0 (34) Keijzer,R (1865)-Barron,C (2000) ICCF email 2006}) 7. Nb5 Ne4 {[#]} (7... e5 $14 8. Bg5 Be7) 8. Qe1 $1 $16 {White is better.} e5 {[#]} 9. Bxe5 $1 {[%mdl 512]} Bh6+ (9... Nxe5 10. Rxd4) 10. e3 O-O 11. Bxd4 $1 Nxd4 12. Nxd4 Qe7 {Hoping for ...Nxf2!} 13. Kb1 Bd7 14. Ngf3 Rac8 15. Bd3 Rxc5 16. Bxe4 Qxe4 17. Rd3 Rfc8 18. Qd2 Bg7 19. Rc1 {aiming for Nb3.} Qg4 (19... Qe7 $16 20. Rd1 Qe4) 20. Ne1 $18 R5c7 21. h3 Qg5 22. f4 Qe7 23. Nef3 h6 24. Rb3 a6 25. Ra3 Be8 26. g4 Qe4 27. Qd3 Qe7 (27... Bc6 $16 28. h4 Re8) 28. g5 (28. e4 $18 {and White stays clearly on top.}) 28... hxg5 $16 29. Nxg5 Bd7 30. h4 {Black must now prevent h5!} Bg4 31. Qe4 (31. f5 $16 Bh5 32. Rb3) 31... Qf6 $2 (31... Bxd4 $11 {and Black is okay.} 32. Qxd4 (32. exd4 Bf5 $11) 32... Rc4) 32. Rb3 b5 (32... Qe7 $16 {was called for.} 33. a3 Qxe4 34. Nxe4 Bxd4 35. exd4 Bf5) 33. Qg2 $18 Bh5 34. Qg3 (34. Rd3 $18) 34... Re7 35. Ngf3 Qb6 36. Ne5 Rce8 37. Ndc6 (37. Nec6 $16 Rc7 38. Qg2) 37... Re6 $14 38. Nd4 (38. Nb4 $11) 38... R6e7 $1 $16 39. Ndc6 ({White should try} 39. Nec6 $16 Rc7 40. Qg2) 39... Re6 $1 $11 {[%cal Re6c6]} 40. Nd4 ({White should play} 40. Nb4 $11) 40... R6e7 $1 {Precision: White = 63%, Black = 55%.} 1/2-1/2

[Event "CZE-ch Open 2018"]
[Site "Ostrava"]
[Date "2018.05.05"]
[Round "8"]
[White "Svoboda, Svatopluk"]
[Black "Kraus, Tomas"]
[Result "1-0"]
[WhiteElo "2401"]
[BlackElo "2429"]
[Annotator "TA"]
[PlyCount "59"]
[EventDate "2018.??.??"]
[EventCountry "CZE"]
[SourceTitle "playchess.com"]
[Source "ChessBase"]
[SourceQuality "1"]

{[%evp 23,59,15,53,46,51,51,56,29,31,25,40,43,47,35,60,0,0,0,0,0,0,0,0,0,312,320,396,393,443,407,709,700,875,733,718,635,947,913]} 1. e4 e5 2. Bc4 Nf6 3. d3 Nc6 4. Nf3 Be7 5. O-O O-O 6. Re1 d6 7. a4 Na5 8. Ba2 {C55: Two Knights: 4 d3, 4 d4 exd4 5 e5 and Max Lange Attack} c5 9. c3 Nc6 10. Na3 Be6 11. Bxe6 fxe6 12. Nc4 Qd7 {LiveBook: 3 Games} 13. Bd2 Bd8 14. b4 Bc7 {[#]} 15. Qb3 $146 ({Predecessor:} 15. b5 Na5 16. Nxa5 Bxa5 {1-0 (52) Safarli,E (2688)-Halkias,S (2565) Baku 2016}) 15... cxb4 16. cxb4 d5 17. exd5 Qxd5 18. Bc3 $36 {[%mdl 2048] White is more active.} Ng4 19. h3 ({Better is} 19. Qd1 $14) 19... Rxf3 $1 $11 20. gxf3 Qxf3 21. hxg4 Rf8 22. Ra2 {Qd1 is the strong threat.} ({Don't go for} 22. Nxe5 $2 Qxf2+ 23. Kh1 Rf6 $19) 22... Qxg4+ 23. Kf1 {[%cal Bg1f1,Bf1e2,Be2d1][%mdl 32] And now Re3 would win.} Qh3+ $2 {[%mdl 8192] [#]} (23... Qf3 $1 $11 {and Black is okay.}) 24. Ke2 $1 $18 e4 {[%csl Ge4][%cal Rh3d3]} 25. Kd1 Bf4 26. Nd2 Rc8 (26... Ne7 $142 27. Qc4 e3) 27. Rxe4 {White is clearly winning.} Qh1+ 28. Re1 Qh5+ 29. f3 Kh8 30. Qxe6 1-0

[Event "CZE-ch Open 2018"]
[Site "Ostrava"]
[Date "2018.05.05"]
[Round "8"]
[White "Vokac, Marek"]
[Black "Vykouk, Jan"]
[Result "1/2-1/2"]
[WhiteElo "2390"]
[BlackElo "2426"]
[Annotator "TA"]
[PlyCount "118"]
[EventDate "2018.??.??"]
[EventCountry "CZE"]
[SourceTitle "playchess.com"]
[Source "ChessBase"]
[SourceQuality "1"]

{[%evp 12,118,43,14,38,8,52,39,50,62,129,11,29,11,26,-112,-89,-142,-136,-125,-24,-24,-9,-11,-32,-132,-12,-20,0,-41,17,-13,6,-89,-111,-104,-105,-102,-103,-67,36,-21,-15,-18,-22,-44,-37,-35,-22,-88,-87,-104,0,-52,-23,-19,0,0,0,0,0,0,0,0,0,0,0,0,0,0,0,0,0,-8,0,-8,-8,-8,-8,-36,-31,-31,-58,-59,0,0,0,0,0,-29,0,-8,-8,-8,0,0,0,0,0,-23,-32,-60,0,0,0,0,0,0,0]} 1. d4 f5 2. h3 Nf6 3. Nf3 d6 4. Bf4 g6 5. e3 Bg7 6. Bc4 {A80: Dutch Defence: Unusual White second moves} (6. Be2 O-O 7. O-O e6 8. c4 Qe7 9. Nc3 b6 10. Bh2 Bb7 11. Nd2 e5 12. c5 Kh8 {½-½ (59) Ramirez Alvarez,A (2568)-Xu,X (2545) chess.com INT 2018}) 6... e6 7. g4 {LiveBook: 3 Games} d5 8. Be2 $146 {White is slightly better.} ({Predecessor:} 8. Bd3 fxg4 9. hxg4 Nxg4 10. Ng5 e5 11. dxe5 Nc6 {0-1 (50) Kliewe,H (2020)-Duester,C (2225) Rostock 2014}) 8... fxg4 9. hxg4 Nxg4 10. Qd3 {Strongly threatening Rxh7!} e5 (10... O-O $14) 11. dxe5 (11. Nxe5 $16 Nxe5 12. dxe5) 11... O-O $1 $11 12. Nc3 c6 $1 13. Bg3 (13. Qd2 $11 {keeps the balance.}) 13... Nd7 $1 $17 {[%cal Rd7e5]} 14. Qd4 (14. O-O-O $142) 14... Rxf3 $1 15. Bxf3 Ndxe5 ({Black should try} 15... Ngxe5 $17 16. Bxd5+ cxd5) 16. Bxg4 $1 $11 Nxg4 17. Qd2 Bf5 18. Ne2 (18. O-O-O $15) 18... Nf6 ({Much worse is} 18... Bxb2 $6 19. Rb1 $11) (18... Qb6 $17 19. c3 Be4) 19. f3 Qb6 20. Nd4 Bd7 ({Black should play} 20... Qxb2 $15 21. Kf2 Bc8) 21. Be5 Re8 22. Qh2 (22. Bxf6 $1 $11 Bxf6 23. O-O-O) 22... c5 $17 {[%mdl 1024] Black has strong compensation.} 23. Nb3 ({Not} 23. Bxf6 $2 Qxf6 24. Ne2 h6 $19) 23... Qe6 24. f4 b6 25. O-O-O Nh5 (25... h5 $15 26. Qd2 Ng4 27. Bxg7 Kxg7) 26. Bxg7 (26. Rdg1 $14 Qf7 27. Nd2) 26... Qxe3+ $11 27. Kb1 $1 Kxg7 28. Rxd5 Bc6 29. Rxh5 $1 gxh5 30. Rg1+ (30. Rf1 $1 $11) 30... Kh8 $17 31. Nc1 {[#]} Rg8 (31... Rf8 $1 $17 32. Nd3 {[#]} h4 $1 {[%mdl 512]}) 32. Rxg8+ $11 Kxg8 33. f5 Qe7 34. Qxh5 Bd7 35. Qf3 Kf7 36. Qh5+ Kg7 37. Qg4+ Kf8 38. Qf4 Qf6 39. Qb8+ Ke7 40. Qxa7 h5 41. a4 Qd6 42. a5 bxa5 43. Nd3 Kf6 44. Qxa5 Bxf5 45. Nxc5 Qd1+ 46. Ka2 Qxc2 47. Qd8+ Kg6 (47... Ke5 $1 $15 48. Qe7+ Kf4) 48. Qd6+ Kg5 49. Qg3+ Bg4 50. Qe3+ Kg6 51. Ka3 Qf5 {aiming for ...Qf3.} 52. Nd3 h4 53. Qe8+ Kg7 54. Qe7+ Kg8 55. Ne5 h3 56. b4 h2 (56... Bf3 $15) 57. Qd8+ {The position is equal.} Kg7 58. Qc7+ Kf8 59. Qd8+ Kg7 {Precision: White = 50%, Black = 52%.} 1/2-1/2